|
|
|
|
| LEADER |
00566nam a22001697a 4500 |
| 020 |
|
|
|a 9788121511162
|
| 082 |
|
|
|a 411.709 54
|b GEO/I
|
| 100 |
|
|
|a George Buhler
|
| 245 |
|
|
|a Indian Paleography
|c by George Buhler
|
| 260 |
|
|
|a New Delhi:
|b Munshiram Manoharlal,
|c 2004.
|
| 300 |
|
|
|a 138p.
|
| 650 |
|
|
|a Paleography
|z India
|
| 650 |
|
|
|a Epigraphy
|z India
|
| 650 |
|
|
|a Language
|
| 942 |
|
|
|c BK
|
| 999 |
|
|
|c 60032
|d 60032
|
| 952 |
|
|
|0 0
|1 0
|4 0
|6 411_709000000000000_54_GEO_I
|7 0
|9 83333
|a SSUS
|b SSUS
|c STACKS
|d 2016-04-05
|g 600.00
|l 1
|o 411.709 54 GEO/I
|p 081664
|r 2018-07-30
|s 2018-07-12
|w 2016-04-05
|y BK
|